<?xml version="1.0" encoding="UTF-8"?>
<record
    xmlns:xsi="http://www.w3.org/2001/XMLSchema-instance"
    xsi:schemaLocation="http://www.loc.gov/MARC21/slim http://www.loc.gov/standards/marcxml/schema/MARC21slim.xsd"
    xmlns="http://www.loc.gov/MARC21/slim">

  <leader>01081nam a22001937a 4500</leader>
  <controlfield tag="005">20250220145842.0</controlfield>
  <datafield tag="010" ind1=" " ind2=" ">
    <subfield code="a">HIN-129456</subfield>
  </datafield>
  <datafield tag="020" ind1=" " ind2=" ">
    <subfield code="c">250.00</subfield>
    <subfield code="a">9789390659524</subfield>
  </datafield>
  <datafield tag="035" ind1=" " ind2=" ">
    <subfield code="a">HN-101802</subfield>
  </datafield>
  <datafield tag="037" ind1=" " ind2=" ">
    <subfield code="b">DBAD</subfield>
  </datafield>
  <datafield tag="082" ind1=" " ind2=" ">
    <subfield code="a">410</subfield>
  </datafield>
  <datafield tag="100" ind1=" " ind2=" ">
    <subfield code="a">&#x92E;&#x939;&#x930;&#x93E;&#x91C;  &#x92A;&#x93E;&#x935;&#x928;&#x938;&#x93E;&#x917;&#x930;&#x91C;&#x940; &#x92E;&#x941;&#x928;&#x93F;&#x936;&#x94D;&#x930;&#x940;</subfield>
    <subfield code="9">78280</subfield>
  </datafield>
  <datafield tag="245" ind1=" " ind2=" ">
    <subfield code="a">&#x91C;&#x928;&#x948;&#x928;&#x94D;&#x926;&#x947;&#x930;&#x94D;&#x935;&#x94D;&#x92F;&#x93E;&#x915;&#x930;&#x923; &#x914;&#x930;&#x92A;&#x902;&#x91A;&#x94D;&#x935;&#x938;&#x94D;&#x924;&#x941; &#x92A;&#x94D;&#x930;&#x915;&#x94D;&#x930;&#x93F;&#x92F;&#x93E; &#x915;&#x93E; &#x938;&#x92E;&#x940;&#x915;&#x94D;&#x937;&#x93E;&#x924;&#x94D;&#x92E;&#x915;  &#x905;&#x927;&#x94D;&#x92F;&#x92F;&#x928;</subfield>
    <subfield code="b">&#x91C;&#x902;&#x917;&#x932; &#x935;&#x93E;&#x932;&#x947; &#x92C;&#x93E;&#x92C;&#x93E;</subfield>
    <subfield code="c">by  &#x92E;&#x941;&#x928;&#x93F;&#x936;&#x94D;&#x930;&#x940; &#x92A;&#x93E;&#x935;&#x928;&#x938;&#x93E;&#x917;&#x930;&#x91C;&#x940;  &#x92E;&#x939;&#x930;&#x93E;&#x91C;</subfield>
    <subfield code="h">&#x939;&#x93F;&#x928;&#x94D;&#x926;&#x940;</subfield>
  </datafield>
  <datafield tag="260" ind1=" " ind2=" ">
    <subfield code="b">&#x92D;&#x93E;&#x930;&#x940;&#x924;&#x92F; &#x91C;&#x94D;&#x91E;&#x93E;&#x928;&#x92A;&#x940;&#x920;</subfield>
    <subfield code="a">&#x928;&#x908; &#x926;&#x93F;&#x932;&#x94D;&#x932;&#x940;</subfield>
  </datafield>
  <datafield tag="270" ind1=" " ind2=" ">
    <subfield code="b">&#x928;&#x908; &#x926;&#x93F;&#x932;&#x94D;&#x932;&#x940;</subfield>
    <subfield code="a">18, &#x907;&#x902;&#x938;&#x94D;&#x91F;&#x93F;&#x91F;&#x94D;&#x92F;&#x942;&#x936;&#x928;&#x932; &#x90F;&#x930;&#x93F;&#x92F;&#x93E;, &#x932;&#x94B;&#x926;&#x940; &#x930;&#x94B;&#x921;, &#x928;&#x908; &#x926;&#x93F;&#x932;&#x94D;&#x932;&#x940;</subfield>
    <subfield code="e">110003</subfield>
  </datafield>
  <datafield tag="300" ind1=" " ind2=" ">
    <subfield code="a">266.hb</subfield>
    <subfield code="c">24cm(pbk)</subfield>
  </datafield>
  <datafield tag="700" ind1=" " ind2=" ">
    <subfield code="a">&#x92E;&#x941;&#x928;&#x93F;&#x936;&#x94D;&#x930;&#x940; &#x92A;&#x93E;&#x935;&#x928;&#x938;&#x93E;&#x917;&#x930;&#x91C;&#x940;  &#x92E;&#x939;&#x930;&#x93E;&#x91C;</subfield>
    <subfield code="9">78272</subfield>
  </datafield>
  <datafield tag="942" ind1=" " ind2=" ">
    <subfield code="2">ddc</subfield>
    <subfield code="c">HN</subfield>
    <subfield code="h">410</subfield>
    <subfield code="m">&#x92E;&#x939;&#x930; </subfield>
  </datafield>
  <datafield tag="999" ind1=" " ind2=" ">
    <subfield code="c">209590</subfield>
    <subfield code="d">209590</subfield>
  </datafield>
  <datafield tag="952" ind1=" " ind2=" ">
    <subfield code="0">0</subfield>
    <subfield code="1">0</subfield>
    <subfield code="4">0</subfield>
    <subfield code="7">1</subfield>
    <subfield code="8">NFIC</subfield>
    <subfield code="a">DBAD</subfield>
    <subfield code="b">DBAD</subfield>
    <subfield code="d">2025-02-20</subfield>
    <subfield code="e">DBAD</subfield>
    <subfield code="g">250.00</subfield>
    <subfield code="l">0</subfield>
    <subfield code="o">410 &#x92E;&#x939;&#x930; </subfield>
    <subfield code="p">HN-101802</subfield>
    <subfield code="r">2025-02-20 00:00:00</subfield>
    <subfield code="v">250.00</subfield>
    <subfield code="w">2025-02-20</subfield>
    <subfield code="y">HN</subfield>
  </datafield>
</record>
